Jason Hawkins
Georgia B
Categories
History - American History | 0 | 2 | 0 | 1 | 20 | 91 | 107.50 | 0 | 2 |
World and Other Literature | 0 | 2 | 0 | 0 | 20 | 94 | 112.50 | 0 | 2 |
Beliefs | 0 | 2 | 1 | 0 | 15 | 77 | 112.00 | 0 | 2 |
History - European History | 0 | 1 | 0 | 1 | 10 | 142 | 142.00 | 0 | 0 |
Science - Physics | 0 | 1 | 0 | 0 | 10 | 125 | 125.00 | 0 | 1 |
Social Science | 0 | 1 | 0 | 0 | 10 | 88 | 88.00 | 1 | 1 |
Literature - British Literature | 0 | 1 | 0 | 0 | 10 | 110 | 110.00 | 0 | 0 |
History - World History | 0 | 1 | 0 | 0 | 10 | 107 | 107.00 | 0 | 0 |
Other Arts: Visual | 0 | 1 | 1 | 0 | 5 | 97 | 97.00 | 0 | 1 |
Literature - European Literature | 0 | 1 | 1 | 0 | 5 | 101 | 101.00 | 0 | 1 |
Philosophy | 0 | 0 | 0 | 0 | 0 | 0.00 | 0 | 0 | |
Current Events | 0 | 0 | 0 | 0 | 0 | 0.00 | 0 | 0 | |
Literature - American Literature | 0 | 0 | 1 | 0 | -5 | 0.00 | 0 | 0 |